Catálogo

EDUCATION : (Registro nro. 15697)

Detalles MARC
000 -LEADER
fixed length control field 00478nam a2200169 a 4500
001 - CONTROL NUMBER
control field 15697
005 - DATE AND TIME OF LATEST TRANSACTION
control field 20180713204434.0
008 - FIXED-LENGTH DATA ELEMENTS--GENERAL INFORMATION
fixed length control field 140415s1970 000 0 spa d
020 ## - INTERNATIONAL STANDARD BOOK NUMBER
International Standard Book Number 030711908
041 ## - LANGUAGE CODE
Language code of text/sound track or separate title spa
082 ## - DEWEY DECIMAL CLASSIFICATION NUMBER
Classification number 370.973
Item number INL
100 1# - MAIN ENTRY--PERSONAL NAME
Personal name INLOW, GAIL M.
245 10 - TITLE STATEMENT
Title EDUCATION :
Remainder of title MIRROR AND AGENT OF CHANGE:A FOUNDATIONS TEXT
260 ## - PUBLICATION, DISTRIBUTION, ETC.
Place of publication, distribution, etc. [s.l.] :
Name of publisher, distributor, etc. HOLT,RINEHART AND WINSTON,
Date of publication, distribution, etc. 1970
300 ## - PHYSICAL DESCRIPTION
Extent 542
650 14 - SUBJECT ADDED ENTRY--TOPICAL TERM
Topical term or geographic name entry element EDUCACION
General subdivision ESTADOS UNIDOS
Existencias
Withdrawn status Lost status Source of classification or shelving scheme Damaged status Not for loan Collection code Home library Current library Shelving location Date acquired Source of acquisition Inventory number Total Checkouts Full call number Barcode Date last seen Price effective from Koha item type
    Dewey Decimal Classification     General Biblioteca Karol Wojtyla Biblioteca Karol Wojtyla Sala general 03/12/2013 Compra 151000000000000000042991   370.973 INL 33352 05/01/2026 03/12/2013 Libro